000 01394cam a22004097a 4500
003 CHAP
005 20220817043533.0
008 990520d1996 mx a r 10110 spa d
010 _a77892
011 _a78864
020 _a9688343641
035 _a88966
040 _cCHAP
082 0 4 _a629.892
_bS4
111 0 0 _aSeminario sobre Vida Artificial
_d(1996 :
_cXalapa, Ver.)
_9104353
245 1 0 _a[Ponencias]
_c/comp. por Manuel Martínez Morales y V. Angélica García Vega
260 _aXalapa, Ver. :
_bUniversidad Veracruzana,
_c1996.
300 _a37 p. :
_bilus.
410 2 _aUniversidad Veracruzana
490 0 _aTextos universitarios
590 _aBATCH-UPD
_b10
_c20130110
_lUCH01
_h0355
590 _aBATCH-UPD
_b10
_c20130110
_lUCH01
_h2046
590 _aBATCH-UPD
_b10
_c20130410
_lUCH01
_h0029
590 _aBATCH-UPD
_b10
_c20130914
_lUCH01
_h1531
590 _aCONVERSION
_b10
_c20130109
_lUCH01
_h1343
650 1 4 _aAnimales
_xHabitos y conducta.
_95865
650 1 4 _aRobótica.
_998139
650 1 4 _aVida artificial.
_9119149
700 0 _aGarcía Vega, V. Angélica
_ecomp.
_946710
700 0 _aMartínez Morales, Manuel
_ecomp.
_972309
810 2 _aUniversidad Veracruzana
830 0 _aTextos universitarios
_9112581
901 _aBK
905 _aGuadalupe Pinto C.
942 _cLIBRO
949 _a629.892 S4
_bBC
_cCONG
_d33724000723748
_eCONG
_gI. c/e
_h95351
_i88966
_sb
999 _c77892
_d77892